Does It Pop Lead? - Sudden Death (Bloons TD 6) - Statistics

General Stats
  • This quiz has been taken 648 times
  • The average score is 4 of 20
Answers on the Grid
Answers color-coded by a green-red scale on the quiz's grid according to % correct below.
Crossbow Master
Bloon Exclusion Zone
Druid of the Storm
Cold Sentry
Lord of the Abyss
Marine
Laser Cannon
Supply Drop
Primary Expertise
Cave Monkey
Dungeon Statue
Shooty Turret
Adasaurus
The Tack Zone
True Sun God
Alchemist
Really Big Bombs
Glaive Lord
Ascended Shadow
Icicle Impale
Armor Piercing Darts
Arcane Spike
Tech Terror
Arctic Knight
Giant Condor
IMF Loan
Super Maelstrom
Necromancer: Unpopped Army
Spiked Balls
Spirit of the Forest
Sky Shredder
MOAB Shove
 
Answer Stats
Answer % Correct
Crossbow Master
53%
Druid of the Storm
47%
Alchemist
31%
Really Big Bombs
29%
True Sun God
29%
Primary Expertise
21%
Spiked Balls
21%
Adasaurus
16%
Ascended Shadow
16%
Cave Monkey
16%
Marine
16%
Tech Terror
16%
Dungeon Statue
14%
Necromancer: Unpopped Army
14%
Arcane Spike
10%
Supply Drop
10%
MOAB Shove
5%
Sky Shredder
5%
Super Maelstrom
5%
Arctic Knight
4%
No matching quizzes found
Score Distribution
Percent of People with Each Score
Percentile by Number Answered
Your Score History
You have not taken this quiz